United Nations Development Assistance Framework (UNDAF) 2007-2009 = Quadro Dsa Nacoes Unidas Para assistencia Ao Desencia Ao Desenvolvimento (UNDAF) 2007-2009 (Record no. 127206)

MARC details
000 -LEADER
fixed length control field 00852nam a2200217 a 4500
008 - FIXED-LENGTH DATA ELEMENTS--GENERAL INFORMATION
fixed length control field
049 ## - LOCAL HOLDINGS (OCLC)
Holding library MAIN
090 ## - LOCALLY ASSIGNED LC-TYPE CALL NUMBER (OCLC); LOCAL CALL NUMBER (RLIN)
Classification number (OCLC) (R) ; Classification number, CALL (RLIN) (NR) SC HC59.69
Local cutter number (OCLC) ; Book number/undivided call number, CALL (RLIN) UND
003 - CONTROL NUMBER IDENTIFIER
control field
005 - DATE AND TIME OF LATEST TRANSACTION
control field 20230123122050.0
040 ## - CATALOGING SOURCE
Transcribing agency NUST
110 ## - MAIN ENTRY--CORPORATE NAME
Corporate name or jurisdiction name as entry element United Nations Development Assistance Framework
245 10 - TITLE STATEMENT
Title United Nations Development Assistance Framework (UNDAF) 2007-2009 = Quadro Dsa Nacoes Unidas Para assistencia Ao Desencia Ao Desenvolvimento (UNDAF) 2007-2009
260 ## - PUBLICATION, DISTRIBUTION, ETC.
Place of publication, distribution, etc. Maputo :
Name of publisher, distributor, etc. United Nations Development Assistance Framework 2007-2009,
Date of publication, distribution, etc. 2009.
300 ## - PHYSICAL DESCRIPTION
Extent 136 p. :
Other physical details col ill. ;21 cm.
500 ## - GENERAL NOTE
General note Report---United Nations, 2009.
650 ## - SUBJECT ADDED ENTRY--TOPICAL TERM
Topical term or geographic name entry element Economic development
Geographic subdivision Mozambique.
650 ## - SUBJECT ADDED ENTRY--TOPICAL TERM
Topical term or geographic name entry element Economic development
General subdivision United Nations.
907 ## - LOCAL DATA ELEMENT G, LDG (RLIN)
a .b10341262
b 12-05-14
c 05-05-14
942 ## - ADDED ENTRY ELEMENTS (KOHA)
Koha item type Ordinary Loan Books
Call number prefix SC HC59.69
Call number suffix UND
Holdings
Date last seen Total Checkouts Full call number Barcode Cost, replacement price Price effective from Koha item type Lost status Source of classification or shelving scheme Damaged status Not for loan Collection Withdrawn status Home library Current library Shelving location Date acquired Cost, normal purchase price
01/23/2023   SC HC59.69 UNI 92004023022 80.00 01/23/2023 BOOKS   LCC     NFIC   MAIN MAIN GEN 01/23/2023 80.00